| 000 | 00379 a2200109 4500 | ||
|---|---|---|---|
| 001 | ART_51998 | ||
| 005 | 20260410162045.0 | ||
| 008 | 260409a | ||
| 245 | 1 | 0 | _aLa renta por la enajenación de las monedas digitales y el principio de reserva de ley en materia tributaria |
| 100 | 1 | _aCoronello, Silvina E. | |
| 773 | 0 |
_tImpuestos _g- N°75 (mayo 2020) _wREV45175 |
|
| 999 |
_c35265 _d35265 |
||